Dzielnice Gdynii - Statystyki

Ogólne statystyki
  • Ten quiz został rozwiązany 73 razy
  • Średni wynik to 16 z 22
Statystyki odpowiedzi
Dzielnica % Poprawnych
Chylonia
93%
Orłowo
88%
Cisowa
84%
Redłowo
84%
Oksywie
82%
Śródmieście
82%
Wzgórze św Maksymiliana
82%
Mały Kack
77%
Wielki Kack
77%
Karwiny
75%
Witomino-Leśniczówka
74%
Witomino-Radiostacja
74%
Grabówek
70%
Pogórze
70%
Chwarzno-Wiczlino
68%
Obłuże
68%
Babie Doły
65%
Dąbrowa
65%
Działki Leśne
65%
Leszczynki
63%
Pustki Cisowskie
58%
Kamienna Góra
53%
Nie znaleziono quizów pasujących do podanych kryteriów
Rozkład punktacji
Procent ludzi z każdym wynikiem
Percentyl według liczby udzielonych odpowiedzi
Twoja historia wyników
Nie rozwiązałeś tego quizu